Syndromy necitlivosti na sexuální steroidní hormony

Bibliographic Details
Main Authors: Stárka, Ľ. (Author), Hampl, R. (Author)
Format: Article
Language:Slovak
Czech
Subjects:

MARC

LEADER 00000nab a2200000 a 4500
001 vtls000570711
003 SK-MaSNL
005 20260304102344.0
008 250426c1995 xo 0 slo
015 |a SNBRB19rr/mm-uuuuu 
035 |a CL0570849 
035 |a urn:nbn:sk:snk-abes5 
035 |a (urnnbn)urn:nbn:sk:snk:ar-a03f4d 
035 |a (uuid)c6d2fabf-67d4-4bcb-ad68-9a0b034753fb 
040 |a SNKBUCL  |b slo  |c SNKBUCL  |e AACR2 
041 0 |a cze 
044 |a xo  |c SK 
080 |a 616.4:577.175.62  |2 1981 
080 |a 577.175.62  |2 1981 
100 1 |a Stárka, Ľ.  |4 aut  |9 945693 
245 1 0 |a Syndromy necitlivosti na sexuální steroidní hormony  |c Ľ. Stárka, R. Hampl 
300 |b Tab. 1, res. angl., čes., lit. 20 zázn. v angl. 
650 0 7 |a hormóny steroidné sexuálne  |2 snkbucl  |9 1399238 
650 0 7 |a receptory androgénové  |2 snkbucl  |9 1074880 
650 0 7 |a receptory estrogénové  |2 snkbucl  |9 1183591 
650 0 7 |a necitlivosť na hormóny  |2 snkbucl  |9 1399239 
655 7 |a články z novín a časopisov  |2 snkbucl  |9 267496 
700 1 |a Hampl, R.  |4 aut  |9 852256 
773 0 |t Bratislavské lekárske listy  |g Roč. 96, č. 11 (1995), s. 600-604  |x 0006-9248 
850 |a Slovenská národná knižnica 
852 |a Slovenská národná knižnica 
954 |a odborná, vedecká literatúra cudzojazyčná (svetová)  |2 lita 
958 |a article27 
958 |a NB 
958 |a RK 
958 |a OND 
958 |a EUIPO 
992 |a RBX 
999 |c 2844721  |d 2846651